000 00353nam a2200157Ia 4500
003 OSt
005 20240103163605.0
008 170524s9999 xx 000 0 und d
020 _a0198070799
040 _ciimt university meerut
100 _aCHANDRASEKARAN
100 _c2012
245 0 _aSTRATEGIC MANAGEMENT
260 _aOXFORD
942 _2ddc
_c02
999 _c2792
_d2792